Diagnóstico y concertación del plan de manejo para las áreas estratégicas de páramo y bosque altoandino del corredor biológico Tota-Pisba-Cocuy, como base para la consolidación de un SIRAP regional (Registro nro. 6351)

Detalles MARC
000 -CABECERA
Campo de control 01610nam a2200313 a 4500
005 - FECHA Y HORA DE LA ULTIMA TRANSACCION
Campo de control 20191224041831.0
008 - ELEMENTOS DE LONGITUD FIJA—INFORMACION GENERAL
Campo de control 140320b2007 ck ||||| |||| 00| 0 spa d
040 ## - FUENTE DE CATALOGACIÓN
Agencia transcriptora CO-BoIH
041 ## - IDIOMA
Código de idioma para texto/pista de sonido o título separado Español
044 ## - PAÍS DE PUBLICACIÓN
País de publicación Colombia
090 ## - CLASIFICACIÓN LOCAL
Colección IAVH
Consecutivo 00853
110 ## - ASIENTO PRINCIPAL--NOMBRE CORPORATIVO
Unidad subordinad Corporación Autónoma Regional de Boyacá
245 ## - MENCION DE TITULO
Título Diagnóstico y concertación del plan de manejo para las áreas estratégicas de páramo y bosque altoandino del corredor biológico Tota-Pisba-Cocuy, como base para la consolidación de un SIRAP regional
260 ## - PUBLICACION, DISTRIBUCION, ETC. (PIE DE IMPRENTA)
Lugar de publicación, distribución, etc. Bogotá
Nombre del editor, distribuidor, etc. CORPOBOYACA
Fecha de publicación, distribución, etc. 2007
300 ## - DESCRIPCION FISICA
Extensión 350 p.
520 ## - NOTA DE RESUMEN, ETC.
Nota de resumen Contiene el análisis de la problemática ambiental que conduce a la definición de criterios estructurantes de las políticas del plan de manejo; la estrategia general tanto para delimitar un área protegida como para transformar el modelo productivo en la denominada zona de amortiguación; los programas y proyectos a realizar y los documentos que constituyen los acuerdos o normas que permiten a las corporaciones y a los municipios acoger el plan así como suscribir los convenios y apropiar las partidas presupuestales necesarias para incorporarse en su ejecución.
650 ## - ASIENTO SECUNDARIO DE MATERIA - TERMINO TEMATICO
Término temático o nombre geográfico como elemento de entrada Diagnóstico
650 ## - ASIENTO SECUNDARIO DE MATERIA - TERMINO TEMATICO
Término temático o nombre geográfico como elemento de entrada Concertación
650 ## - ASIENTO SECUNDARIO DE MATERIA - TERMINO TEMATICO
Término temático o nombre geográfico como elemento de entrada Plan de manejo
650 ## - ASIENTO SECUNDARIO DE MATERIA - TERMINO TEMATICO
Término temático o nombre geográfico como elemento de entrada Áreas estratégicas
650 ## - ASIENTO SECUNDARIO DE MATERIA - TERMINO TEMATICO
Término temático o nombre geográfico como elemento de entrada Páramo
650 ## - ASIENTO SECUNDARIO DE MATERIA - TERMINO TEMATICO
Término temático o nombre geográfico como elemento de entrada Bosques altoandinos
662 ## - ASIENTO SECUNDARIO DE MATERIA - JERARQUIA DEL NOMBRE DE LUGAR(
País o entidad mayor Colombia
Jurisdicción política intermedia Tota
662 ## - ASIENTO SECUNDARIO DE MATERIA - JERARQUIA DEL NOMBRE DE LUGAR(
País o entidad mayor Colombia
Jurisdicción política intermedia Pisba
662 ## - ASIENTO SECUNDARIO DE MATERIA - JERARQUIA DEL NOMBRE DE LUGAR(
País o entidad mayor Colombia
Jurisdicción política intermedia Cocuy
710 ## - ASIENTO SECUNDARIO - NOMBRE CORPORATIVO
Nombre corporativo o de jurisdicción como elemento de entrada ^aGrupo de Estudios Ecológicos OIKOS
942 ## - ELEMENTOS ADICIONALES (KOHA)
Tipo de ítem Informe Técnico
Koha issues (borrowed), all copies 2
Sistema de clasificación Local
945 ## - PROCESAMIENTO LOCAL
AAAA-MM-DD - Fecha de ingreso o modificacion 2008-06-25
Existencias
Withdrawn status Lost status Sistema de Clasificación Damaged status No para préstamo Colección Ubicación Permanente Ubicación actual Fecha de adquisición Total Checkouts Número topográfico Inventario / Código de Barras Date last seen Date checked out Ejemplar Price effective from Forma de adquisición Tipo de material
    Local     Humboldt Bogotá Bogotá 25/06/2008 2 IAVH-00853 027495 09/08/2024 03/03/2014 Ej. 1 04/12/2012   Informe Técnico
    Local     Humboldt Bogotá Bogotá 19/11/2013   IAVH-00853 026091 19/11/2013   Ej. 2 19/11/2013   CD-ROM